[Event "POL-ch U16"]
[Site "Krynica"]
[Date "2003.??.??"]
[Round "2"]
[White "Ejsmont, Krzysztof"]
[Black "Adamski, Michal"]
[Result "1/2-1/2"]
[WhiteElo "2100"]
[BlackElo "2275"]
[PlyCount "133"]
[EventDate "2003.??.??"]
[EventType "swiss"]
[EventRounds "11"]
[EventCountry "POL"]
[SourceTitle "EXT 2007"]
[Source "ChessBase"]
[SourceDate "2006.11.23"]
[SourceVersion "1"]
[SourceVersionDate "2006.11.23"]
[SourceQuality "1"]

1. e4 c5 2. Nf3 Nc6 3. Nc3 d6 4. d4 cxd4 5. Nxd4 Nf6 6. Bc4 e6 7. 0-0 Be7 8. Be3 0-0 9. f4 Bd7 10. Qf3 Nxd4 11. Bxd4 Qc7 12. Bd3 e5 13. fxe5 dxe5 14. Qg3 Bc5 15. Bxc5 Qxc5+ 16. Kh1 Kh8 17. Qh4 Qe7 18. Rf3 Rac8 19. Raf1 Rc6 20. h3 Kg8 21. Qf2 Qc5 22. Qh4 Qe7 23. Qf2 Rb6 24. b3 Bc6 25. Qh4 Bd7 26. Qf2 Be8 27. Bc4 Bc6 28. Bd3 Rb4 29. Qh4 Rd4 30. Rf5 Rd7 31. Qg3 Qb4 32. Rg5 g6 33. Bc4 Ne8 34. Rf3 Ng7 35. Qxe5 Re7 36. Qg3 Bxe4 37. Rf4 h6 38. a3 Qxa3 39. Nxe4 Rxe4 40. Rxe4 Qc1+ 41. Kh2 hxg5 42. Re7 Nf5 43. Rxf7 Rxf7 44. Qb8+ Kg7 45. Bxf7 Kxf7 46. Qxb7+ Kf6 47. Qa6+ Ke5 48. Qxa7 Qf4+ 49. Kh1 Qc1+ 50. Kh2 Qxc2 51. Qb8+ Ke4 52. Qe8+ Kf4 53. Qxg6 Qxg2+ 54. Kxg2 Nh4+ 55. Kf2 Nxg6 56. b4 Ne5 57. b5 Nc4 58. Ke2 Nb6 59. Kf2 Nd5 60. Kg2 Nb6 61. Kf2 Nd7 62. Kg2 Ke5 63. Kg3 Nf6 64. b6 Kd6 65. b7 Kc7 66. h4 gxh4+ 67. Kxh4 1/2-1/2

[Event "POL-ch U16"]
[Site "Krynica"]
[Date "2003.??.??"]
[Round "10"]
[White "Krzesaj, Robert"]
[Black "Adamski, Michal"]
[Result "0-1"]
[WhiteElo "2130"]
[BlackElo "2275"]
[PlyCount "74"]
[EventDate "2003.??.??"]
[EventType "swiss"]
[EventRounds "11"]
[EventCountry "POL"]
[SourceTitle "EXT 2007"]
[Source "ChessBase"]
[SourceDate "2006.11.23"]
[SourceVersion "1"]
[SourceVersionDate "2006.11.23"]
[SourceQuality "1"]

1. e4 c5 2. Nf3 d6 3. Bb5+ Nc6 4. Bxc6+ bxc6 5. 0-0 g6 6. d3 Bg7 7. h3 e5 8. Be3 Rb8 9. Qc1 h6 10. Nh2 Be6 11. Nc3 g5 12. g4 Ne7 13. b3 Ng6 14. Na4 Nf4 15. Bxf4 gxf4 16. Qd1 h5 17. Qf3 Qh4 18. Qg2 hxg4 19. hxg4 Ke7 20. f3 Qg3 21. Rf2 Rxh2 22. Qxg3 fxg3 23. Rxh2 gxh2+ 24. Kxh2 Rh8+ 25. Kg2 Kf6 26. Nc3 d5 27. Rh1 Rxh1 28. Kxh1 Kg5 29. Ne2 dxe4 30. dxe4 c4 31. Kg2 Bf8 32. Kg3 Bc5 33. Nc3 a5 34. Ne2 Be3 35. Nc3 cxb3 36. axb3 c5 37. Nd1 Bd4 0-1

[Event "POL-ch sf"]
[Site "Lubniewice"]
[Date "2002.12.08"]
[Round "9"]
[White "Adamski, Michal"]
[Black "Marszalek, Maciej"]
[Result "1/2-1/2"]
[WhiteElo "2278"]
[BlackElo "2279"]
[PlyCount "76"]
[EventDate "2002.11.30"]
[EventType "swiss"]
[EventRounds "9"]
[EventCountry "POL"]
[SourceTitle "CBM 091 Extra"]
[Source "ChessBase"]
[SourceDate "2003.01.09"]
[SourceVersion "1"]
[SourceVersionDate "2003.01.09"]
[SourceQuality "1"]

1. e4 c5 2. Nf3 e6 3. d4 cxd4 4. Nxd4 a6 5. Bd3 Qc7 6. 0-0 Nf6 7. Nc3 Bd6 8. h3 Nc6 9. Nxc6 dxc6 10. f4 e5 11. f5 Bc5+ 12. Kh2 b5 13. Bg5 Bb7 14. a4 Rd8 15. Qf3 h6 16. Bh4 Be7 17. b3 0-0 18. Ne2 Nh7 19. Qg3 Bxh4 20. Qxh4 Qd6 21. Qf2 c5 22. axb5 axb5 23. Nc3 b4 24. Na4 Rc8 25. Rad1 Qc7 26. Nb2 Nf6 27. Qh4 Rcd8 28. Rde1 Rd4 29. Rf3 Kh7 30. Rfe3 Qd8 31. Nc4 Nd7 32. Qf2 Re8 33. Nd2 Rd6 34. Nf3 Nb8 35. Bc4 Qe7 36. g4 Red8 37. g5 Nc6 38. Rg1 Nd4 1/2-1/2

[Event "POL-ch sf"]
[Site "Lubniewice"]
[Date "2002.12.07"]
[Round "8"]
[White "Paterek, Michal"]
[Black "Adamski, Michal"]
[Result "1-0"]
[WhiteElo "2242"]
[BlackElo "2278"]
[PlyCount "91"]
[EventDate "2002.11.30"]
[EventType "swiss"]
[EventRounds "9"]
[EventCountry "POL"]
[SourceTitle "CBM 091 Extra"]
[Source "ChessBase"]
[SourceDate "2003.01.09"]
[SourceVersion "1"]
[SourceVersionDate "2003.01.09"]
[SourceQuality "1"]

1. Nf3 d5 2. c4 dxc4 3. Na3 Nf6 4. Nxc4 e6 5. g3 Be7 6. Bg2 0-0 7. 0-0 c5 8. d3 Nc6 9. a3 Nd5 10. Qc2 Bf6 11. Rb1 b6 12. Bd2 Bb7 13. b4 Nd4 14. Nxd4 cxd4 15. b5 Qd7 16. a4 Rac8 17. Rfc1 e5 18. Qb3 Qe6 19. a5 Rc5 20. Rc2 Be7 21. Rbc1 Rfc8 22. Qa4 Ba8 23. axb6 axb6 24. Nb2 f5 25. Rxc5 Bxc5 26. Qa2 e4 27. Na4 Kf7 28. Nxc5 bxc5 29. Qa3 Qe7 30. dxe4 fxe4 31. Bh3 e3 32. fxe3 dxe3 33. Rf1+ Nf6 34. Bxc8 Qe4 35. Rf3 exd2 36. Qa2+ Bd5 37. Qxd2 Qb1+ 38. Rf1 Qe4 39. Kf2 Ke7 40. Bh3 Qc4 41. Qd3 Qb4 42. Rb1 Qa4 43. Bg2 Bf7 44. Qe3+ Kd6 45. Qf4+ Qxf4+ 46. gxf4 1-0

[Event "POL-chT U19 33rd"]
[Site "Laczna"]
[Date "2002.07.23"]
[Round "11"]
[White "Stachowiak, Kamil"]
[Black "Adamski, Michal"]
[Result "0-1"]
[WhiteElo "2152"]
[BlackElo "2213"]
[PlyCount "76"]
[EventDate "2002.07.15"]
[EventType "team-tourn"]
[EventRounds "11"]
[EventCountry "POL"]
[SourceTitle "CBM 089 Extra"]
[Source "ChessBase"]
[SourceDate "2002.09.10"]
[SourceVersion "2"]
[SourceVersionDate "2002.09.10"]
[SourceQuality "1"]
[WhiteTeam "Wroclaw Srodmiescie U19"]
[BlackTeam "Poznan Pocztowiec U19"]
[WhiteTeamCountry "POL"]
[BlackTeamCountry "POL"]

1. d4 d5 2. Nf3 c6 3. c4 e6 4. cxd5 exd5 5. Qc2 Bd6 6. Bg5 Ne7 7. e3 0-0 8. Bd3 h6 9. Bh4 Nd7 10. 0-0 Re8 11. Nc3 Nf8 12. Rae1 Bg4 13. Ne5 Bxe5 14. dxe5 Qd7 15. f4 Bf5 16. e4 dxe4 17. Bxe4 Bxe4 18. Nxe4 Nf5 19. Bf2 b6 20. Rd1 Qe6 21. b4 Rad8 22. g4 Rxd1 23. Qxd1 Ne7 24. a3 Nd5 25. Nd6 Rd8 26. Bd4 Qe7 27. Qc1 Qh4 28. Qxc6 Qxg4+ 29. Kh1 Nxf4 30. Rg1 Qe6 31. Qe4 N8g6 32. Qf3 f6 33. Bb2 fxe5 34. Ne4 Rd3 35. Qf2 Nh3 36. Qc2 Qd5 37. Qc8+ Kh7 38. Qxh3 Rxh3 0-1

[Event "POL-chT U19 33rd"]
[Site "Laczna"]
[Date "2002.07.22"]
[Round "10"]
[White "Adamski, Michal"]
[Black "Kuziola, Mateusz"]
[Result "1-0"]
[WhiteElo "2213"]
[BlackElo "2187"]
[PlyCount "113"]
[EventDate "2002.07.15"]
[EventType "team-tourn"]
[EventRounds "11"]
[EventCountry "POL"]
[SourceTitle "CBM 089 Extra"]
[Source "ChessBase"]
[SourceDate "2002.09.10"]
[SourceVersion "2"]
[SourceVersionDate "2002.09.10"]
[SourceQuality "1"]
[WhiteTeam "Poznan Pocztowiec U19"]
[BlackTeam "Krakow Korona U19"]
[WhiteTeamCountry "POL"]
[BlackTeamCountry "POL"]

1. e4 c5 2. Nf3 Nc6 3. d4 cxd4 4. Nxd4 e5 5. Nb5 d6 6. N1c3 a6 7. Na3 b5 8. Nd5 Nce7 9. c4 Nxd5 10. exd5 bxc4 11. Nxc4 Nf6 12. Be3 Rb8 13. Be2 Be7 14. a4 0-0 15. 0-0 Bb7 16. Nb6 Nd7 17. a5 Nxb6 18. Bxb6 Qd7 19. Bc4 f5 20. f4 Bf6 21. Qa4 Qf7 22. Qb4 Rbc8 23. Rad1 exf4 24. Bd4 Bxd4+ 25. Rxd4 Rc5 26. Rdxf4 Bxd5 27. Bxa6 Qg6 28. R4f2 f4 29. Qd2 Be4 30. Rc1 f3 31. Rxc5 dxc5 32. Bc4+ Kh8 33. Be2 h5 34. Qd1 Bc2 35. Qf1 Be4 36. Bxf3 Bxf3 37. Rxf3 Rxf3 38. Qxf3 Qb1+ 39. Qf1 Qxb2 40. Qf8+ Kh7 41. Qxc5 Qb1+ 42. Kf2 Qb2+ 43. Ke3 g6 44. Qe7+ Kh6 45. Kf3 Qa2 46. Qe5 Kh7 47. h4 Qa3+ 48. Kf2 Qa4 49. Qe7+ Kh6 50. Qg5+ Kh7 51. Kg3 Qa3+ 52. Kh2 Qa4 53. Qe7+ Kh6 54. Qf8+ Kh7 55. Qf7+ Kh8 56. Qf6+ Kh7 57. a6 1-0

[Event "POL-chT U19 33rd"]
[Site "Laczna"]
[Date "2002.07.18"]
[Round "5"]
[White "Ciolek, Marcin"]
[Black "Adamski, Michal"]
[Result "0-1"]
[WhiteElo "2068"]
[BlackElo "2213"]
[PlyCount "90"]
[EventDate "2002.07.15"]
[EventType "team-tourn"]
[EventRounds "11"]
[EventCountry "POL"]
[SourceTitle "CBM 089 Extra"]
[Source "ChessBase"]
[SourceDate "2002.09.10"]
[SourceVersion "2"]
[SourceVersionDate "2002.09.10"]
[SourceQuality "1"]
[WhiteTeam "Suwalki Hancza U19"]
[BlackTeam "Poznan Pocztowiec U19"]
[WhiteTeamCountry "POL"]
[BlackTeamCountry "POL"]

1. d4 d5 2. c4 dxc4 3. e3 e6 4. Bxc4 Nf6 5. Nf3 c5 6. 0-0 a6 7. Bb3 Nc6 8. Nc3 cxd4 9. exd4 Be7 10. Bg5 0-0 11. Re1 b5 12. Qe2 Nxd4 13. Nxd4 Qxd4 14. Qf3 Rb8 15. Rad1 Qc5 16. Qg3 Bb7 17. Re5 Qb4 18. f3 Rfd8 19. Rde1 Rbc8 20. Ne2 Nd5 21. Bxe7 Nxe7 22. Nc3 Nf5 23. Qh3 Nd4 24. Rh5 h6 25. Qg4 a5 26. Ree5 Bc6 27. h3 Nxb3 28. axb3 Qxg4 29. hxg4 b4 30. Ne4 Rd1+ 31. Kh2 Bd5 32. g5 hxg5 33. Rexg5 Bxe4 34. fxe4 g6 35. Rh3 Ra1 36. Rg4 Rc2 37. Rgh4 Kf8 38. e5 Re1 39. Rh8+ Ke7 40. Ra8 Rxe5 41. Ra7+ Kf6 42. Rh7 Rh5+ 43. Rxh5 gxh5 44. Rxa5 Rxb2 45. Rxh5 Rxb3 0-1

[Event "POL-chT U19 33rd"]
[Site "Laczna"]
[Date "2002.07.15"]
[Round "1"]
[White "Lagowski, Patryk"]
[Black "Adamski, Michal"]
[Result "1/2-1/2"]
[WhiteElo "2320"]
[BlackElo "2213"]
[PlyCount "113"]
[EventDate "2002.07.15"]
[EventType "team-tourn"]
[EventRounds "11"]
[EventCountry "POL"]
[SourceTitle "CBM 089 Extra"]
[Source "ChessBase"]
[SourceDate "2002.09.10"]
[SourceVersion "2"]
[SourceVersionDate "2002.09.10"]
[SourceQuality "1"]
[WhiteTeam "Warszawa Damis U19"]
[BlackTeam "Poznan Pocztowiec U19"]
[WhiteTeamCountry "POL"]
[BlackTeamCountry "POL"]

1. d4 d5 2. Nf3 Nf6 3. c4 dxc4 4. Qa4+ c6 5. Qxc4 Be6 6. Qc2 g6 7. Nc3 Bg7 8. e4 0-0 9. Be2 h6 10. 0-0 Nbd7 11. Rd1 Nb6 12. Ne5 Nfd7 13. f4 Nxe5 14. dxe5 Qc8 15. a4 Rd8 16. a5 Rxd1+ 17. Qxd1 Nd7 18. Be3 Qc7 19. Qc2 Qb8 20. Kh1 Nf8 21. Rd1 b6 22. a6 Qe8 23. f5 Bc8 24. Nb1 b5 25. Nd2 Bxa6 26. Nb3 Bc8 27. Rf1 Bxe5 28. Bxh6 Nh7 29. Nd2 a5 30. Nf3 Bh8 31. Ng5 Nxg5 32. Bxg5 a4 33. Rf3 Ra7 34. fxg6 fxg6 35. Bh6 Bg7 36. Bxg7 Kxg7 37. Qc5 Rb7 38. Qe5+ Kg8 39. h4 Bg4 40. Rg3 Bxe2 41. h5 Qf7 42. Rxg6+ Kh7 43. Qg5 Qf8 44. h6 e5 45. Rf6 Qc8 46. Qg6+ Kh8 47. Re6 Bh5 48. Qf6+ Kg8 49. Rxc6 Qg4 50. Ra6 Be8 51. Ra8 Qh5+ 52. Kg1 Kh7 53. Qe6 Qd1+ 54. Kh2 Qh5+ 55. Kg1 Qd1+ 56. Kh2 Qh5+ 57. Kg1 1/2-1/2